00819cam a22002291 4500001001300000003000400013005001700017008004100034010001700075035001900092040003000111042001200141050002200153082001300175100003700188245018000225260004800405300001800453651004700471710005400518999001700572ne 67000967 DLC20260227111832.0761117s1966 ua 000 0 eng  ane 67000967  a(OCoLC)2563498 aDLCcTxUdTxUdOCoLCdDLC apremarc00aDT107.83b.N31844 a320.9/621 aNasser, Gamal Abdel,d1918-1970.10aAddress by President Gamal Abdel Nasser at the great popular rally,cheld by the Arab Socialist Union in celebration of the anniversary of Unity Day, Cairo, February 22, 1966. a[Cairo,cNational Publication House,c1966] a40 p.c19 cm. 0aEgyptxPolitics and governmenty1952-1970.2 aIttiḥād al-Ishtirākī al-ʻArabī (Egypt) c49613d49613